| 000 | 00926nac a22002651u 4500 | ||
|---|---|---|---|
| 010 | _a 88018354 | ||
| 020 | _a0673398919 | ||
| 082 | 0 | 0 |
_a327 _bKEO |
| 090 |
_c9133 _d9133 |
||
| 100 | _aKeohane, Robert O. | ||
| 245 | 1 | 0 |
_aPower and interdependence / _cRobert O. Keohane, Jospeh S. Nye. |
| 250 | _a2nd ed. | ||
| 260 |
_aGlenview, Ill. : _bScott, Foresman,C.2001. _cC.2001. |
||
| 300 |
_axix, 315 p. : _bill. ; _c23 cm. |
||
| 440 | 0 | _aScott, Foresman/Little, Brown series in political science | |
| 500 | _aIncludes index. | ||
| 500 | _aDistributer: Al-Ahram. | ||
| 504 | _aBibliography: p. [283]-306. | ||
| 511 | _aCatalogued By: Mahitab. | ||
| 650 | 0 | _aInternational relations. | |
| 650 | 0 | _aInternational economic relations. | |
| 700 | 1 | _aNye, Joseph S. | |
| 942 |
_cBB _k327KEO |
||
| 999 |
_c9133 _d9133 |
||